| 000 | 00438nam a2200157Ia 4500 | ||
|---|---|---|---|
| 008 | 210716s2012 xx 000 0 und d | ||
| 020 | _a9788120343368 | ||
| 041 | _aeng | ||
| 082 | _a374.22 GODE | ||
| 100 | _aGoldratt, Eliyahu M. | ||
| 245 |
_aGoal II: it is not a luck. _bIt is not a luck. |
||
| 250 | _a2 | ||
| 260 |
_aMadras _bProductivity and Quality Publishing Pvt Ltd _c2012 |
||
| 300 | _axii;283 | ||
| 650 | _aGeneral Management | ||
| 999 |
_c207501 _d207501 |
||